[Event "Scottish op"]
[Site "Dunfermline"]
[Date "2025.07.13"]
[Round "9"]
[White "Greet, Andrew"]
[Black "Spencer, Edwin A"]
[Result "1-0"]
[WhiteElo "2396"]
[BlackElo "2085"]
[PlyCount "45"]
[EventDate "2025.07.07"]
[EventType "swiss"]
[EventRounds "9"]
[EventCountry "SCO"]
[SourceTitle "CB29_2025"]
[SourceDate "2025.07.16"]
[SourceVersion "1"]
[SourceVersionDate "2025.07.16"]
[SourceQuality "1"]

1. c4 Nf6 2. Nf3 g6 3. Nc3 d6 4. d4 Bf5 5. Ng5 h6 6. e4 hxg5 7. exf5 gxf5 8. Bxg5 Nbd7 9. Qd2 c6 10. d5 Qa5 11. Bd3 e6 12. 0-0 cxd5 13. b4 Qxb4 14. cxd5 Rg8 15. Rab1 Qg4 16. f4 Ne4 17. Nxe4 fxe4 18. Bxe4 f6 19. dxe6 Nc5 20. Bxb7 Nxb7 21. Qd5 Be7 22. Qc6+ Kf8 23. Bh6+ 1-0

[Event "Isle of Wight op"]
[Site "Ryde"]
[Date "2025.02.23"]
[Round "9"]
[White "Li, Harry"]
[Black "Greet, Andrew"]
[Result "0-1"]
[WhiteElo "2204"]
[BlackElo "2398"]
[PlyCount "120"]
[EventDate "2025.02.18"]
[EventType "swiss"]
[EventRounds "9"]
[EventCountry "ENG"]
[SourceTitle "CB09_2025"]
[SourceDate "2025.02.27"]
[SourceVersion "1"]
[SourceVersionDate "2025.02.27"]
[SourceQuality "1"]

1. e4 c6 2. d4 d5 3. e5 Bf5 4. Nf3 e6 5. Be2 c5 6. c3 Nc6 7. 0-0 cxd4 8. cxd4 Nge7 9. Nc3 Bg4 10. Nh4 Bxe2 11. Nxe2 Nc8 12. Nf3 Be7 13. g3 Nb6 14. h4 h6 15. Kg2 Rc8 16. Bd2 Nc4 17. Bc3 b5 18. Rb1 b4 19. Bd2 Qb6 20. b3 Na3 21. Rc1 Kd7 22. Be3 a5 23. Ne1 Na7 24. Nd3 Rxc1 25. Nexc1 N7b5 26. h5 Qb8 27. f4 g6 28. hxg6 fxg6 29. Nc5+ Bxc5 30. dxc5 Nc3 31. Qd3 Ne4 32. c6+ Ke7 33. Qa6 Qa8 34. Qb6 Rc8 35. c7 Kd7 36. Nd3 Qc6 37. Qxa5 Nc2 38. Bg1 d4 39. Kh2 Nd2 40. Rc1 Nf3+ 41. Kh3 Nxg1+ 42. Rxg1 Ne3 43. Nc5+ Ke7 44. Qxb4 Qf3 45. Ne4+ Kf7 46. Nf6 Nd5 47. Qxd4 Rxc7 48. Ng4 h5 49. Nh2 Qe2 50. Rg2 Qe1 51. Qd2 Qe4 52. Re2 Qf5+ 53. Kg2 Rc3 54. Nf3 Qg4 55. Rf2 h4 56. Ng5+ Kg7 57. Ne4 Rc2 58. Qxc2 Ne3+ 59. Kg1 Nxc2 60. Rxc2 Qd1+ 0-1

[Event "Isle of Wight op"]
[Site "Ryde"]
[Date "2025.02.22"]
[Round "8"]
[White "Greet, Andrew"]
[Black "Dorrance, Adam"]
[Result "1/2-1/2"]
[WhiteElo "2398"]
[BlackElo "2284"]
[PlyCount "108"]
[EventDate "2025.02.18"]
[EventType "swiss"]
[EventRounds "9"]
[EventCountry "ENG"]
[SourceTitle "CB09_2025"]
[SourceDate "2025.02.27"]
[SourceVersion "1"]
[SourceVersionDate "2025.02.27"]
[SourceQuality "1"]

1. c4 e6 2. g3 d5 3. Bg2 Nf6 4. Nf3 d4 5. 0-0 Nc6 6. d3 Bc5 7. Nbd2 a5 8. Nb3 Be7 9. e3 dxe3 10. Bxe3 Ng4 11. Bc5 0-0 12. d4 a4 13. Bxe7 Qxe7 14. Nc1 Rd8 15. Ne2 e5 16. h3 Nf6 17. d5 e4 18. Nfd4 Ne5 19. Qc2 Qc5 20. b3 Nf3+ 21. Nxf3 exf3 22. Bxf3 Bxh3 23. b4 Qxb4 24. Rfb1 Qa3 25. Qc3 Qxc3 26. Nxc3 Bc8 27. Rb4 Ra5 28. Rxa4 Rxa4 29. Nxa4 Kf8 30. Nc3 b6 31. Nb5 Ba6 32. Rc1 Bxb5 33. cxb5 Ne8 34. a4 Ke7 35. g4 Rd6 36. Kf1 Kd8 37. Ke2 Nf6 38. Rd1 Nd7 39. Ke3 g5 40. Be4 Rh6 41. f3 Nc5 42. Ra1 Nb7 43. Kd4 Rh2 44. Ke5 Ke7 45. Rc1 f6+ 46. Kd4 Nc5 47. Rxc5 bxc5+ 48. Kxc5 Ra2 49. d6+ cxd6+ 50. Kb4 Kd8 51. a5 Rb2+ 52. Kc4 Ra2 53. Kb4 Rb2+ 54. Kc4 Ra2 1/2-1/2

[Event "Isle of Wight op"]
[Site "Ryde"]
[Date "2025.02.21"]
[Round "6"]
[White "Greet, Andrew"]
[Black "Turner, Matthew"]
[Result "1/2-1/2"]
[WhiteElo "2398"]
[BlackElo "2438"]
[PlyCount "30"]
[EventDate "2025.02.18"]
[EventType "swiss"]
[EventRounds "9"]
[EventCountry "ENG"]
[SourceTitle "CB09_2025"]
[SourceDate "2025.02.27"]
[SourceVersion "1"]
[SourceVersionDate "2025.02.27"]
[SourceQuality "1"]

1. c4 Nf6 2. Nf3 e6 3. g3 d5 4. Bg2 Be7 5. d4 0-0 6. Nc3 c6 7. 0-0 Nbd7 8. Qd3 b6 9. e4 Ba6 10. b3 c5 11. e5 dxc4 12. bxc4 Nd5 13. Nb5 Bxb5 14. cxb5 cxd4 15. Qxd4 Nc5 1/2-1/2

[Event "Isle of Wight op"]
[Site "Ryde"]
[Date "2025.02.19"]
[Round "3"]
[White "Kaufman, Raymond"]
[Black "Greet, Andrew"]
[Result "1/2-1/2"]
[WhiteElo "2178"]
[BlackElo "2398"]
[PlyCount "89"]
[EventDate "2025.02.18"]
[EventType "swiss"]
[EventRounds "9"]
[EventCountry "ENG"]
[SourceTitle "CB09_2025"]
[SourceDate "2025.02.27"]
[SourceVersion "1"]
[SourceVersionDate "2025.02.27"]
[SourceQuality "1"]

1. Nf3 e6 2. c4 c5 3. d4 cxd4 4. Nxd4 Nf6 5. Nc3 Bb4 6. Ndb5 0-0 7. a3 Bxc3+ 8. Nxc3 d5 9. e3 Nc6 10. cxd5 exd5 11. Be2 Bf5 12. 0-0 d4 13. exd4 Nxd4 14. Bg5 h6 15. Bxf6 Qxf6 16. Nd5 Nxe2+ 17. Qxe2 Qe6 18. Qxe6 Bxe6 19. Nc7 Rac8 20. Nxe6 fxe6 21. Rac1 Rfd8 22. g3 a5 23. Kg2 Rxc1 24. Rxc1 Rd5 25. Rc8+ Kh7 26. Rc4 b5 27. Re4 e5 28. Kf3 Kg6 29. Ke3 Kf5 30. f4 h5 31. h3 g6 32. fxe5 Rxe5 33. g4+ hxg4 34. hxg4+ Kf6 35. b4 axb4 36. axb4 Rxe4+ 37. Kxe4 Kg5 38. Kd5 Kxg4 39. Kc5 Kf3 40. Kxb5 g5 41. Kc6 g4 42. b5 g3 43. b6 g2 44. b7 g1Q 45. b8Q 1/2-1/2

[Event "Isle of Wight op"]
[Site "Ryde"]
[Date "2025.02.18"]
[Round "1"]
[White "Freeland, Alex"]
[Black "Greet, Andrew"]
[Result "1/2-1/2"]
[WhiteElo "2025"]
[BlackElo "2398"]
[PlyCount "82"]
[EventDate "2025.02.18"]
[EventType "swiss"]
[EventRounds "9"]
[EventCountry "ENG"]
[SourceTitle "CB09_2025"]
[SourceDate "2025.02.27"]
[SourceVersion "1"]
[SourceVersionDate "2025.02.27"]
[SourceQuality "1"]

1. d4 f5 2. c4 e6 3. g3 Nf6 4. Bg2 d5 5. Nf3 Be7 6. 0-0 Ne4 7. Nc3 c6 8. Qc2 0-0 9. Rb1 a5 10. a3 Nd7 11. b4 axb4 12. axb4 Nb6 13. c5 Nxc3 14. Qxc3 Nc4 15. Nd2 b5 16. Nxc4 bxc4 17. Bf4 Ba6 18. Ra1 g5 19. Be5 Bf6 20. Bd6 Rf7 21. Ra5 Rfa7 22. Rfa1 Qd7 23. R1a2 Bb5 24. Qa1 Rxa5 25. Rxa5 Rxa5 26. Qxa5 c3 27. Be5 Bxe5 28. dxe5 c2 29. Qa1 Bxe2 30. Qc1 Qg7 31. Qxc2 Qxe5 32. Bf1 Bxf1 33. Kxf1 d4 34. b5 cxb5 35. c6 Kf7 36. c7 d3 37. Qc6 d2 38. Qd7+ Kg6 39. c8Q Qe1+ 40. Kg2 Qe4+ 41. Kg1 Qe1+ 1/2-1/2

[Event "Olympiad-45"]
[Site "Budapest"]
[Date "2024.09.19"]
[Round "8.1"]
[White "Neiksans, Arturs"]
[Black "Greet, Andrew"]
[Result "1-0"]
[WhiteElo "2571"]
[BlackElo "2405"]
[PlyCount "91"]
[EventDate "2024.09.11"]
[EventType "team-swiss"]
[EventRounds "11"]
[EventCountry "HUN"]
[SourceTitle "EXT 2025"]
[Source "ChessBase"]
[SourceDate "2024.10.14"]
[SourceVersion "1"]
[SourceVersionDate "2024.10.14"]
[SourceQuality "1"]
[WhiteTeam "Latvia"]
[BlackTeam "Scotland"]
[WhiteTeamCountry "LAT"]
[BlackTeamCountry "SCO"]

1. Nf3 d5 2. g3 Nf6 3. Bg2 c5 4. 0-0 g6 5. c4 dxc4 6. Qa4+ Nbd7 7. Qxc4 Bg7 8. d4 cxd4 9. Nxd4 Nb6 10. Qb5+ Bd7 11. Qd3 e5 12. Nb3 Qe7 13. Nc3 Bc6 14. Bxc6+ bxc6 15. Be3 Rd8 16. Qa6 Nfd7 17. Rad1 0-0 18. Qxa7 Ra8 19. Qb7 Rab8 20. Qxc6 Rfc8 21. Qb5 Qe6 22. Ne4 Qc4 23. Qxc4 Rxc4 24. Nc3 Nf8 25. Rd6 Na4 26. Na5 Nxb2 27. Nxc4 Nxc4 28. Ba7 Rb2 29. Rc6 Nd2 30. Rc1 Bh6 31. Be3 Bxe3 32. fxe3 Ne6 33. h4 Kg7 34. Kf2 Rb4 35. Rc2 Nb1 36. Nxb1 Rxb1 37. a4 Ra1 38. Ra6 g5 39. a5 Kg6 40. Ra7 gxh4 41. gxh4 Ng7 42. Rcc7 Nh5 43. Rxf7 h6 44. Rf8 Ra4 45. Ra6+ Kg7 46. Rb8 1-0

[Event "Scottish op"]
[Site "Dunfermline"]
[Date "2024.07.11"]
[Round "5"]
[White "Meyer, Henrik"]
[Black "Greet, Andrew"]
[Result "0-1"]
[WhiteElo "2023"]
[BlackElo "2400"]
[PlyCount "102"]
[EventDate "2024.07.08"]
[EventType "swiss"]
[EventRounds "9"]
[EventCountry "SCO"]
[SourceTitle "CBM 221 Extra"]
[Source "ChessBase"]
[SourceDate "2024.09.30"]
[SourceVersion "1"]
[SourceVersionDate "2024.09.30"]
[SourceQuality "1"]

1. d4 Nf6 2. Bf4 c5 3. e3 Nd5 4. dxc5 Nxf4 5. exf4 e6 6. Qg4 f5 7. Qh5+ g6 8. Qd1 Bxc5 9. Nc3 Qb6 10. Qd2 Bxf2+ 11. Qxf2 Qxb2 12. Qc5 Qxa1+ 13. Kd2 Nc6 14. Bc4 b6 15. Qd6 Bb7 16. Nb5 Rc8 17. Nf3 Qxh1 18. Bxe6 Qxg2+ 19. Ke1 Qh1+ 20. Kf2 Qxf3+ 21. Kxf3 Nd4+ 22. Kg3 Nxe6 23. Qa3 Rc6 24. Nd6+ Rxd6 25. Qxd6 Bc8 26. Qb8 0-0 27. Qxa7 Nc5 28. Qxb6 Ne4+ 29. Kg2 Kg7 30. a4 Rf6 31. Qd8 Bb7 32. Qxd7+ Rf7 33. Qd4+ Kh6 34. Kf1 Ba6+ 35. Kg2 Rc7 36. Qd1 Rc4 37. a5 Bb7 38. Kg1 Ra4 39. Qe1 g5 40. Qb1 Bd5 41. fxg5+ Kxg5 42. Qe1 f4 43. h4+ Kf5 44. Qd1 Nf6 45. Qd3+ Ke6 46. Qc3 Rc4 47. Qb2 f3 48. Qb6+ Kf5 49. a6 Rxc2 50. Qb1 f2+ 51. Kf1 Bc4+ 0-1

[Event "Scottish op"]
[Site "Dunfermline"]
[Date "2024.07.08"]
[Round "1"]
[White "Giulian, Philip Maurice"]
[Black "Greet, Andrew"]
[Result "0-1"]
[WhiteElo "2070"]
[BlackElo "2400"]
[PlyCount "66"]
[EventDate "2024.07.08"]
[EventType "swiss"]
[EventRounds "9"]
[EventCountry "SCO"]
[SourceTitle "CBM 221 Extra"]
[Source "ChessBase"]
[SourceDate "2024.09.30"]
[SourceVersion "1"]
[SourceVersionDate "2024.09.30"]
[SourceQuality "1"]

1. c4 Nf6 2. Nf3 e6 3. g3 d5 4. Bg2 dxc4 5. Qa4+ Nbd7 6. Qxc4 a6 7. Qc2 c5 8. 0-0 b5 9. Nc3 Bb7 10. b3 Be7 11. Bb2 0-0 12. a4 Qb6 13. d3 Rac8 14. axb5 axb5 15. Rfd1 Nb8 16. Ne5 Bxg2 17. Kxg2 Rfd8 18. h3 Nfd7 19. Nxd7 Rxd7 20. Ne4 Qb7 21. Kg1 Nc6 22. Nxc5 Nd4 23. Bxd4 Rxd4 24. Nxb7 Rxc2 25. Ra8+ Bf8 26. Rda1 g6 27. R1a5 Rxe2 28. Rxb5 Rxd3 29. Nd8 Rd1+ 30. Kg2 Rdd2 31. Rbb8 Rxf2+ 32. Kg1 Rg2+ 33. Kf1 Rh2 0-1